| 000 | 01521nam a2200421 i 4500 | ||
|---|---|---|---|
| 999 |
_c7318 _d7318 |
||
| 001 | .b74869796 | ||
| 003 | OSt | ||
| 005 | 20210225174446.0 | ||
| 008 | 210128e202011 spc|||| |||| 0|0 0 cat| | ||
| 015 |
_aLL2021 _2bnc |
||
| 017 |
_aDL B 17684-2020 _bBiblioteca de Catalunya |
||
| 020 | _a9788417804657 | ||
| 040 |
_aES-BaBC _bcat _erda _cES-BaBC |
||
| 041 | 1 |
_acat _heng |
|
| 080 |
_a329.18 _x(430) _22004 |
||
| 080 |
_a159.963.3 _22004 |
||
| 100 | 1 |
_aBeradt, Charlotte, _eautor |
|
| 240 | 1 | 0 |
_aDritte Reich des traums. _lCatalà |
| 245 | 1 | 3 |
_aEl Tercer Reich dels somnis / _cCharlotte Beradt ; primer epíleg: Barbara Hahn ; traducció i segon epíleg: Anna Punsoda |
| 250 | _aPrimera edició | ||
| 264 | 1 |
_aBarcelona : _bAra Llibres, _cnovembre del 2020 |
|
| 300 |
_a174 pàgines ; _c22 cm |
||
| 336 |
_atext _btxt _2rdacontent |
||
| 337 |
_asense mediació _bn _2rdamedia |
||
| 338 |
_avolum _bnc _2rdacarrier |
||
| 490 | 1 |
_aSèrie H ; _v34 |
|
| 500 | _aTítol original: Das dritte Reich des traums | ||
| 500 | _aA la portada: Sàpiens | ||
| 500 | _aSubtítol a la coberta: El que els alemanys van somiar després de l'ascens de Hitler | ||
| 650 | 7 |
_aNacionalsocialisme _2lemac |
|
| 650 | 7 |
_aSomnis _2lemac |
|
| 700 | 1 |
_aHahn, Barbara, _d1952- _eescriptor d'un epíleg |
|
| 700 | 1 |
_aPunsoda, Anna, _d1985- _etraductor, _eescriptor d'un epíleg |
|
| 830 | 0 |
_aSèrie H (Ara Llibres) ; _v34 |
|
| 907 |
_a.b74869796 _b28-01-21 _c28-01-21 _d28-01-21 _em _fa _g- _hcat _ispc _j0 _k0 |
||
| 940 | _aBC | ||
| 942 |
_2udc _cMON |
||